Macroeconomic Gains from Reforming the Agri-Food Sector : The Case of France /

France is the top agricultural producer in the European Union (EU), and agriculture plays a prominent role in the country's foreign trade and intermediate exchanges. Reflecting production volumes and methods, the sector, however, also generates significant negative environmental and public heal...

詳細記述

書誌詳細
第一著者: Batini, Nicoletta
フォーマット: 雑誌
言語:English
出版事項: Washington, D.C. : International Monetary Fund, 2019.
シリーズ:IMF Working Papers; Working Paper ; No. 2019/041
オンライン・アクセス:Full text available on IMF
LEADER 01722cas a2200241 a 4500
001 AALejournalIMF019063
008 230101c9999 xx r poo 0 0eng d
020 |c 5.00 USD 
020 |z 9781484397961 
022 |a 1018-5941 
040 |a BD-DhAAL  |c BD-DhAAL 
100 1 |a Batini, Nicoletta. 
245 1 0 |a Macroeconomic Gains from Reforming the Agri-Food Sector :   |b The Case of France /  |c Nicoletta Batini. 
264 1 |a Washington, D.C. :  |b International Monetary Fund,  |c 2019. 
300 |a 1 online resource (35 pages) 
490 1 |a IMF Working Papers 
500 |a <strong>Off-Campus Access:</strong> No User ID or Password Required 
500 |a <strong>On-Campus Access:</strong> No User ID or Password Required 
506 |a Electronic access restricted to authorized BRAC University faculty, staff and students 
520 3 |a France is the top agricultural producer in the European Union (EU), and agriculture plays a prominent role in the country's foreign trade and intermediate exchanges. Reflecting production volumes and methods, the sector, however, also generates significant negative environmental and public health externalities. Recent model simulations show that a well-designed shift in production and consumption to make the former sustainable and align the latter with recommended values can curb these considerably and generate large macroeconomic gains. I propose a policy toolkit in line with the government's existing sectoral policies that can support this transition. 
538 |a Mode of access: Internet 
830 0 |a IMF Working Papers; Working Paper ;  |v No. 2019/041 
856 4 0 |z Full text available on IMF  |u http://elibrary.imf.org/view/journals/001/2019/041/001.2019.issue-041-en.xml  |z IMF e-Library